[Event "Mechanics' Winter TNM; 30/90, SD/30"]
[Site "San Francisco"]
[Date "2009.01.13"]
[Round "2.8"]
[White "Manvelyan, Hovik"]
[Black "Matz, James"]
[Result "1-0"]
[WhiteElo "1878"]
[BlackElo "1746"]
[PlyCount "61"]
[EventDate "2009.??.??"]

1. e4 c5 2. Nc3 Nc6 3. g3 d6 4. Bg2 Nf6 5. d3 g6 6. f4 Bg4 7. Nce2 Bg7 8. h3
Bd7 9. Nf3 Qc7 10. Be3 e5 11. O-O Nd4 12. Kh2 Nxf3+ 13. Bxf3 h5 14. fxe5 Ng4+
15. Bxg4 hxg4 16. h4 Bxe5 17. Nf4 Qd8 18. d4 Bxf4 19. Bxf4 Qe7 20. e5 O-O-O 21.
Qd2 Rxh4+ 22. gxh4 Qxh4+ 23. Kg1 g3 24. Bg5 Qe4 25. Rae1 Qd5 26. dxc5 Qxc5+ 27.
Qe3 Qd5 28. Rd1 g2 29. Rxd5 Bc6 30. Bxd8 Bb5 31. Rxb5 1-0

[Event "Mechanics' Spring TNM; 30/90, SD/30"]
[Site "San Francisco"]
[Date "2009.03.17"]
[Round "2"]
[White "Manvelyan, Hovik"]
[Black "Morgan, Jerry"]
[Result "1-0"]
[WhiteElo "1903"]
[BlackElo "1420"]
[PlyCount "39"]
[EventDate "2009.??.??"]

1. d4 f5 2. e4 fxe4 3. f3 e6 4. Nc3 Bb4 5. Bd2 Bxc3 6. bxc3 Nf6 7. fxe4 O-O 8.
Nf3 d6 9. Bd3 Qe8 10. O-O Nbd7 11. e5 Nd5 12. c4 Ne7 13. Ng5 Rxf1+ 14. Qxf1 Nf8
15. Qf2 h6 16. Ne4 Nf5 17. Rf1 dxe5 18. dxe5 Ng6 19. g4 Nfh4 20. Bxh6 1-0

[Event "Mechanics' Winter TNM; 30/90, SD/30"]
[Site "San Francisco"]
[Date "2009.02.03"]
[Round "5.4"]
[White "Manvelyan, Hovik"]
[Black "Naroditsky, Alan"]
[Result "1/2-1/2"]
[WhiteElo "1878"]
[BlackElo "2052"]
[PlyCount "75"]
[EventDate "2009.??.??"]

1. e4 c5 2. Nc3 d6 3. g3 g6 4. Bg2 Bg7 5. d3 e6 6. f4 Ne7 7. Nf3 Nbc6 8. O-O
O-O 9. Rb1 Rb8 10. a3 b5 11. Bd2 b4 12. axb4 cxb4 13. Ne2 Qb6+ 14. Kh1 a5 15.
Qc1 a4 16. f5 exf5 17. Bh6 fxe4 18. dxe4 Ba6 19. Bxg7 Kxg7 20. Qd2 Ne5 21. Nfd4
N7c6 22. Rbe1 Nxd4 23. Nxd4 Bxf1 24. Rxf1 a3 25. Nf5+ gxf5 26. Qg5+ Ng6 27.
exf5 f6 28. Qg4 axb2 29. Be4 Qa6 30. Rb1 Rf7 31. fxg6 hxg6 32. Qxg6+ Kf8 33.
Bd5 Rbb7 34. Re1 Qa1 35. Qh6+ Kg8 36. Qg6+ Kh8 37. Qh6+ Kg8 38. Qg6+ 1/2-1/2

[Event "Mechanics' Fall TNM; 30/90, SD/30"]
[Site "San Francisco"]
[Date "2009.10.20"]
[Round "1.13"]
[White "Manvelyan, Hovik"]
[Black "Nelson, Christopher"]
[Result "1-0"]
[WhiteElo "1984"]
[BlackElo "1588"]
[PlyCount "65"]
[EventDate "2009.??.??"]

1. e4 e6 2. Qe2 Ne7 3. f4 Nbc6 4. Nf3 Ng6 5. d4 Be7 6. g3 O-O 7. Bg2 d5 8. e5
f5 9. h4 a5 10. Be3 b6 11. Ng5 Qe8 12. c4 h6 13. Nxe6 Bb4+ 14. Nc3 Bxe6 15.
cxd5 Bc8 16. dxc6 Ba6 17. Qc2 Ne7 18. a3 Bxc3+ 19. Qxc3 Qg6 20. Kf2 Rad8 21.
Qb3+ Kh8 22. d5 Rfe8 23. Rhd1 Qf7 24. Rac1 Nxc6 25. Rxc6 Bb7 26. e6 Qe7 27. Bc5
Qf6 28. Rxc7 bxc5 29. Rxb7 c4 30. Qc2 Qg6 31. Rf7 Rb8 32. h5 Qg4 33. Bf3 1-0

[Event "Mechanics' Summer TNM; 30/90, SD/30"]
[Site "San Francisco"]
[Date "2009.07.14"]
[Round "8.11"]
[White "Manvelyan, Hovik"]
[Black "Oca, Homer"]
[Result "1-0"]
[WhiteElo "1963"]
[BlackElo "1685"]
[PlyCount "99"]
[EventDate "2009.??.??"]

1. e4 a6 2. d4 h6 3. Nf3 d6 4. c4 e6 5. Nc3 Qd7 6. Be3 Be7 7. Bd3 Bd8 8. O-O c6
9. Qc2 Ne7 10. c5 d5 11. Ne5 Qc7 12. Bf4 O-O 13. Ng6 Nxg6 14. Bxc7 Bxc7 15.
exd5 exd5 16. Rae1 Nd7 17. Bxg6 fxg6 18. Qxg6 Rf6 19. Re8+ Nf8 20. Qd3 Bf5 21.
Qe2 Bd8 22. f4 Bd7 23. Re3 Ne6 24. Qd2 Bc7 25. g3 Raf8 26. Ne2 Bd8 27. Qb4 Bc8
28. Nc1 g5 29. Nd3 a5 30. Qc3 Ng7 31. Rfe1 Bh3 32. Ne5 Bc8 33. fxg5 hxg5 34.
Rf3 Nf5 35. Qd2 Rh6 36. g4 Nh4 37. Rxf8+ Kxf8 38. Rf1+ Rf6 39. Rxf6+ Bxf6 40.
Qxa5 Bxe5 41. Qd8+ Kf7 42. dxe5 Bxg4 43. Qf6+ Ke8 44. e6 Bh5 45. Qh8+ Ke7 46.
Qxh5 Kxe6 47. Qg4+ Kf6 48. Qd7 Nf3+ 49. Kf2 Ne5 50. Qxb7 1-0

[Event "Mechanics' Spring TNM; 30/90, SD/30"]
[Site "San Francisco"]
[Date "2009.05.05"]
[Round "8.9"]
[White "Manvelyan, Hovik"]
[Black "Oca, Homer"]
[Result "1-0"]
[WhiteElo "1903"]
[BlackElo "1753"]
[PlyCount "57"]
[EventDate "2009.??.??"]

1. e4 a6 2. f4 h6 3. Nf3 d6 4. Bc4 e6 5. O-O Nf6 6. e5 dxe5 7. fxe5 Nfd7 8. d4
Nc6 9. d5 Ncxe5 10. dxe6 Bc5+ 11. Kh1 Nxc4 12. exf7+ Kf8 13. b4 Be7 14. Qe2 Nd6
15. Nd4 Nf6 16. Bb2 Kxf7 17. Nd2 Re8 18. Qh5+ Kg8 19. Qg6 Bf8 20. Rf3 Re5 21.
Nc6 bxc6 22. Bxe5 Nde8 23. Ne4 Be7 24. Nxf6+ Nxf6 25. Raf1 Kh8 26. h3 Be6 27.
Rxf6 Bxf6 28. Rxf6 Bg8 29. Qxh6+ 1-0

[Event "Mechanics' Fall TNM; 30/90, SD/30"]
[Site "San Francisco"]
[Date "2009.11.03"]
[Round "3.6"]
[White "Manvelyan, Hovik"]
[Black "Sandberg, Evan"]
[Result "0-1"]
[WhiteElo "1984"]
[BlackElo "2095"]
[PlyCount "58"]
[EventDate "2009.??.??"]

1. d4 Nf6 2. c4 e6 3. Nf3 b6 4. a3 Bb7 5. Nc3 d5 6. Bf4 Be7 7. cxd5 Nxd5 8.
Nxd5 exd5 9. Rc1 c6 10. e3 O-O 11. Bd3 c5 12. h4 Nd7 13. Bxh7+ Kxh7 14. Ng5+
Kg8 15. Qd3 Bxg5 16. hxg5 g6 17. e4 Kg7 18. e5 Rh8 19. Kd2 Qe7 20. Rh6 Rxh6 21.
gxh6+ Kh7 22. Re1 Qe6 23. Qf3 cxd4 24. g4 Nc5 25. Kc1 d3 26. Kb1 d4 27. Qh3 d2
28. Bxd2 Be4+ 29. Rxe4 Nxe4 0-1

[Event "Mechanics' Summer TNM; 30/90, SD/30"]
[Site "San Francisco"]
[Date "2009.06.25"]
[Round "5.6"]
[White "Manvelyan, Hovik"]
[Black "Sandberg, Evan"]
[Result "0-1"]
[WhiteElo "1963"]
[BlackElo "2053"]
[PlyCount "96"]
[EventDate "2009.??.??"]

1. d4 d5 2. Nf3 Nf6 3. c4 c6 4. Nc3 e6 5. Bg5 h6 6. Bh4 dxc4 7. e4 g5 8. Bg3 b5
9. h4 g4 10. Ne5 Rg8 11. Qc2 Bb7 12. O-O-O Qb6 13. Bf4 Nbd7 14. Be3 Qa5 15.
Nxd7 Nxd7 16. d5 O-O-O 17. g3 Nc5 18. Bxc5 Bxc5 19. Bg2 cxd5 20. exd5 b4 21.
Na4 Bxd5 22. Bxd5 exd5 23. Qf5+ Kb8 24. b3 Rge8 25. Rhe1 Rxe1 26. Rxe1 Qc7 27.
bxc4 Bd4 28. Kb1 dxc4 29. Qb5+ Ka8 30. Re8 Rxe8 31. Qxe8+ Kb7 32. Qe4+ Qc6 33.
Qxd4 Qxa4 34. Qxc4 Qd1+ 35. Kb2 Qd2+ 36. Kb1 Qe1+ 37. Kb2 Qxf2+ 38. Kb1 Qe1+
39. Kb2 Qc3+ 40. Qxc3 bxc3+ 41. Kxc3 Kc6 42. Kc4 f5 43. Kd4 Kd6 44. h5 Ke6 45.
a4 a5 46. Ke3 Ke5 47. Kf2 Kd4 48. Ke2 Ke4 0-1

[Event "Mechanics' Fall TNM; 30/90, SD/30"]
[Site "San Francisco"]
[Date "2009.11.17"]
[Round "5.5"]
[White "Manvelyan, Hovik"]
[Black "Sanguinetti, George"]
[Result "0-1"]
[WhiteElo "1984"]
[BlackElo "1922"]
[PlyCount "76"]
[EventDate "2009.??.??"]

1. d4 g6 2. c4 Nf6 3. Nc3 d5 4. cxd5 Nxd5 5. e4 Nxc3 6. bxc3 Bg7 7. Nf3 O-O 8.
Bc4 c5 9. O-O Bg4 10. Bb2 Nc6 11. e5 cxd4 12. cxd4 Bxf3 13. gxf3 Rc8 14. Qa4 a6
15. Be2 b5 16. Qd1 e6 17. a4 Qh4 18. Re1 Rfd8 19. Bf1 Bxe5 20. Rxe5 Nxe5 21.
axb5 axb5 22. Bxb5 Rb8 23. Qe2 Rxb5 24. Qxb5 Nxf3+ 25. Kf1 Nxh2+ 26. Kg2 Ng4
27. Kf3 h5 28. Qe2 Qh3+ 29. Ke4 Nf6+ 30. Kf4 Rd5 31. f3 Rf5+ 32. Ke3 Nd5+ 33.
Kd2 Qxf3 34. Qxf3 Rxf3 35. Ke2 Rf5 36. Ba3 h4 37. Bd6 Kh7 38. Be5 Kh6 0-1

[Event "Mechanics' Fall TNM; 30/90, SD/30"]
[Site "San Francisco"]
[Date "2009.12.08"]
[Round "8.14"]
[White "Manvelyan, Hovik"]
[Black "Sherwood, Peter"]
[Result "1-0"]
[WhiteElo "1984"]
[BlackElo "1737"]
[PlyCount "125"]
[EventDate "2009.??.??"]

1. d4 Nf6 2. c4 g6 3. Nc3 d5 4. g3 Bg7 5. Bg2 c6 6. cxd5 cxd5 7. Nf3 O-O 8. O-O
Nc6 9. Bf4 Bf5 10. Ne5 Ne4 11. Nxc6 bxc6 12. Nxe4 Bxe4 13. Bxe4 dxe4 14. e3 Qd5
15. Qb3 Qxb3 16. axb3 a5 17. Rfc1 Rfc8 18. Rc5 e6 19. Bd6 Bf8 20. Bxf8 Kxf8 21.
Raxa5 Rxa5 22. Rxa5 Rb8 23. Ra3 Ke7 24. Kf1 Rb5 25. Ke2 e5 26. Kd2 exd4 27.
exd4 f5 28. Kc3 h6 29. b4 Kd6 30. Kc4 g5 31. Ra8 f4 32. g4 e3 33. fxe3 fxe3 34.
Re8 Rb7 35. Rxe3 Rf7 36. h3 Rf2 37. b3 Rd2 38. Rf3 Rc2+ 39. Kd3 Rb2 40. Kc3 Rb1
41. Rf6+ Kd5 42. Rxh6 Rf1 43. b5 cxb5 44. Rh5 Rf3+ 45. Kb4 Kxd4 46. Rxg5 Rxh3
47. Rxb5 Rg3 48. Ka5 Kc3 49. g5 Rg4 50. Kb6 Rg3 51. Kc7 Kd4 52. Kd7 Ke4 53. Ke7
Kf4 54. Kf7 Rc3 55. g6 Rc7+ 56. Kg8 Rc8+ 57. Kh7 Rc3 58. g7 Rh3+ 59. Kg8 Kg4
60. Kf8 Rf3+ 61. Ke8 Re3+ 62. Kd8 Rd3+ 63. Kc8 1-0

[Event "Mechanics' Fall TNM; 30/90, SD/30"]
[Site "San Francisco"]
[Date "2009.12.01"]
[Round "7.12"]
[White "Manvelyan, Hovik"]
[Black "Standen, Julian"]
[Result "1/2-1/2"]
[WhiteElo "1984"]
[BlackElo "1716"]
[PlyCount "75"]
[EventDate "2009.??.??"]

1. e4 c6 2. d4 d5 3. e5 Bf5 4. h4 h5 5. Bd3 Bxd3 6. Qxd3 e6 7. Nc3 c5 8. Bg5
Qb6 9. Nge2 Nc6 10. Qb5 Qxb5 11. Nxb5 Rc8 12. c3 a6 13. Na3 cxd4 14. cxd4 Bb4+
15. Bd2 Nge7 16. Nc2 Ba5 17. f3 Bb6 18. Bc3 Kd7 19. Kd2 Nf5 20. Raf1 g6 21. Kd3
Bd8 22. Be1 Be7 23. g4 Ng7 24. Nf4 b5 25. Ne2 b4 26. b3 a5 27. g5 Nf5 28. Ne3
Nxe3 29. Kxe3 Na7 30. Kd3 Nb5 31. Bd2 Rc6 32. Rc1 Rhc8 33. Rxc6 Rxc6 34. Rc1
Bd8 35. Rxc6 Kxc6 36. Bc1 Bb6 37. Bb2 Kd7 38. Ng3 1/2-1/2

[Event "Mechanics' Winter TNM; 30/90, SD/30"]
[Site "San Francisco"]
[Date "2009.02.24"]
[Round "8.7"]
[White "Manvelyan, Hovik"]
[Black "Traub, Igor"]
[Result "0-1"]
[WhiteElo "1878"]
[BlackElo "2027"]
[PlyCount "73"]
[EventDate "2009.??.??"]

1. e4 d5 2. d4 dxe4 3. Nc3 Nf6 4. f3 exf3 5. Nxf3 Bg4 6. Bc4 e6 7. O-O c6 8.
Kh1 Qc7 9. Qe1 Nbd7 10. Be3 Bd6 11. Qh4 Bf5 12. Ng5 Nb6 13. Bb3 Nbd5 14. Nxd5
cxd5 15. Ba4+ Ke7 16. Rae1 h6 17. Nf3 g5 18. Qf2 Ng4 19. Qg1 Be4 20. g3 Nxh2
21. Kxh2 f5 22. Nd2 Raf8 23. Nxe4 dxe4 24. Bf2 h5 25. Be3 Rhg8 26. Qg2 h4 27.
Bf2 hxg3+ 28. Bxg3 Rh8+ 29. Kg1 Bxg3 30. Re3 Bh2+ 31. Kf2 Bf4 32. Rh3 Qc4 33.
Bb3 Qxd4+ 34. Ke1 Rxh3 35. Rxf4 Re3+ 36. Kf2 Qd2+ 37. Kg1 0-1

[Event "Mechanics' Wilkerson Mem TNM; 30/90, SD"]
[Site "San Francisco"]
[Date "2009.09.29"]
[Round "9.16"]
[White "Mar, Henry"]
[Black "Beilin, Allen"]
[Result "0-1"]
[WhiteElo "1500"]
[BlackElo "1713"]
[PlyCount "79"]
[EventDate "2009.??.??"]

1. e4 e6 2. d4 d5 3. exd5 exd5 4. Nf3 Nf6 5. Bg5 Be7 6. Bd3 O-O 7. O-O Bg4 8.
Nbd2 h6 9. Bh4 Nbd7 10. h3 Be6 11. Re1 c5 12. c3 Qb6 13. Qc2 Rac8 14. Ne5 Nb8
15. Bxf6 Bxf6 16. Ndf3 cxd4 17. Qe2 dxc3 18. bxc3 Rxc3 19. Rab1 Qc7 20. Qd2 Nd7
21. Rxb7 Qxb7 22. Qxc3 Qb8 23. Bc2 Rc8 24. Qd3 Nxe5 25. Qh7+ Kf8 26. Nxe5 Bxe5
27. Bf5 Bxf5 28. Qxf5 Re8 29. Rb1 Qc8 30. Qf3 Qc4 31. g3 Qxa2 32. Rb7 Bf6 33.
Qf5 Kg8 34. Qd7 Rf8 35. Rxa7 Qb1+ 36. Kg2 Qe4+ 37. Kg1 Qe6 38. Qb5 Bd4 39. Rd7
Qe1+ 40. Kg2 0-1

[Event "Mechanics' Wilkerson Mem TNM; 30/90, SD"]
[Site "San Francisco"]
[Date "2009.08.18"]
[Round "3.19"]
[White "Mar, Henry"]
[Black "Bulguchev, Ruslan"]
[Result "1-0"]
[WhiteElo "1500"]
[BlackElo "1238"]
[PlyCount "55"]
[EventDate "2009.??.??"]

1. e4 e5 2. Nf3 Nc6 3. Bc4 Bc5 4. O-O Nf6 5. c3 O-O 6. d3 Re8 7. Bg5 h6 8. Bh4
Be7 9. Re1 d5 10. exd5 Nxd5 11. Bxe7 Rxe7 12. Nbd2 Bg4 13. h3 Bh5 14. Ne4 Nf4
15. Kh2 a6 16. g3 b5 17. gxf4 bxc4 18. Ng3 Bxf3 19. Qxf3 cxd3 20. Nf5 Re6 21.
Rg1 Rg6 22. Rxg6 fxg6 23. Nxh6+ gxh6 24. Qxc6 exf4 25. Qxg6+ Kf8 26. Qxh6+ Ke7
27. Re1+ Kd7 28. Qe6# 1-0

[Event "Mechanics' Winter TNM; 30/90, SD/30"]
[Site "San Francisco"]
[Date "2009.02.10"]
[Round "6.21"]
[White "Mar, Henry"]
[Black "Campers, Wilie"]
[Result "0-1"]
[WhiteElo "1500"]
[BlackElo "1709"]
[PlyCount "82"]
[EventDate "2009.??.??"]

1. e4 e6 2. d4 d5 3. Nd2 c5 4. Ngf3 cxd4 5. Nxd4 Nc6 6. Bb5 Bd7 7. c3 Bc5 8.
Bxc6 bxc6 9. e5 Ne7 10. N2f3 Ng6 11. O-O O-O 12. Re1 Bb6 13. a4 a6 14. b4 c5
15. bxc5 Bxc5 16. Ng5 h6 17. Ngf3 Qe7 18. Be3 Rfc8 19. Qd2 Bb6 20. Bxh6 gxh6
21. Qxh6 Qf8 22. Qd2 Rc4 23. a5 Ba7 24. h4 Rac8 25. h5 Ne7 26. Qg5+ Qg7 27.
Qxe7 R4c7 28. Qh4 Rxc3 29. h6 Qg6 30. Qe7 R3c7 31. Qh4 Be8 32. Ra3 Rc4 33. Rd1
Bc5 34. Rad3 Ba4 35. R1d2 Bb4 36. Kh2 Bxd2 37. Nxd2 Qxd3 38. N2f3 Qg6 39. Ng5
Bc2 40. h7+ Kh8 41. f4 Rxd4 0-1

[Event "Mechanics' Winter TNM; 30/90, SD/30"]
[Site "San Francisco"]
[Date "2009.01.20"]
[Round "3.27"]
[White "Mar, Henry"]
[Black "Capdeville, Barry"]
[Result "1-0"]
[WhiteElo "1500"]
[BlackElo "1253"]
[PlyCount "35"]
[EventDate "2009.??.??"]

1. e4 c5 2. Nf3 Nc6 3. d4 cxd4 4. Nxd4 e5 5. Nb3 Nf6 6. Nc3 Be7 7. Bc4 O-O 8.
f3 Bb4 9. Bd2 Bxc3 10. Bxc3 Qc7 11. Qe2 d6 12. O-O-O Bd7 13. g4 Ne7 14. h4 b5
15. Bxb5 Bxb5 16. Qxb5 Rab8 17. Qd3 Rbd8 18. Ba5 1-0

[Event "Mechanics' Fall TNM; 30/90, SD/30"]
[Site "San Francisco"]
[Date "2009.11.17"]
[Round "5.27"]
[White "Mar, Henry"]
[Black "Durig, Alex"]
[Result "0-1"]
[WhiteElo "1500"]
[BlackElo "1342"]
[PlyCount "130"]
[EventDate "2009.??.??"]

1. e4 c5 2. Nf3 d6 3. d4 cxd4 4. Nxd4 e5 5. Nb3 Be7 6. Nc3 Nf6 7. Bc4 Be6 8.
Bb5+ Nbd7 9. O-O a6 10. Bd3 O-O 11. Be3 Rc8 12. f3 Re8 13. Be2 Rc6 14. Nd5 Bf8
15. c4 Nc5 16. Na5 Rc8 17. b4 b6 18. bxc5 bxa5 19. cxd6 Bxd6 20. Bb6 Bc5+ 21.
Bxc5 Rxc5 22. Qa4 Nd7 23. Rfd1 Bxd5 24. Rxd5 Rxd5 25. cxd5 Nc5 26. Qd1 Qb6 27.
Kh1 Rb8 28. h3 Qb2 29. Qe1 Rb4 30. Qf1 Rb6 31. Bc4 g5 32. Qd1 Rd6 33. Rb1 Qc3
34. Qc1 Qxc1+ 35. Rxc1 a4 36. Be2 Nd7 37. Rc6 Rg6 38. Rxg6+ hxg6 39. Bxa6 Kf8
40. a3 Ke7 41. Bb5 Nb6 42. Kg1 Kd6 43. Kf1 Ke7 44. Ke2 f5 45. Kd3 f4 46. Kc3
Kd6 47. Be8 Kc5 48. Bxg6 Nc4 49. Be8 Nxa3 50. Bxa4 Nc4 51. Bd7 Ne3 52. Kd2 Nxg2
53. Ke2 Ne3 54. Kf2 Nc4 55. Kg1 Nb6 56. Be6 Kd6 57. Kh2 Nc4 58. h4 gxh4 59. Kh3
Nd2 60. Bg4 Ke7 61. Kxh4 Nc4 62. Kg5 Kf7 63. Bh5+ Ke7 64. Kf5 Kd6 65. Kf6 Kd7 {
score ends} 0-1

[Event "Mechanics' Summer TNM; 30/90, SD/30"]
[Site "San Francisco"]
[Date "2009.06.16"]
[Round "4.29"]
[White "Mar, Henry"]
[Black "Frank, Robert"]
[Result "0-1"]
[WhiteElo "1500"]
[BlackElo "1297"]
[PlyCount "102"]
[EventDate "2009.??.??"]

1. d4 Nf6 2. Nf3 d5 3. e3 e6 4. Bd3 Bd6 5. O-O O-O 6. Re1 c5 7. c3 c4 8. Bc2
Nbd7 9. Nbd2 e5 10. dxe5 Nxe5 11. Nxe5 Bxe5 12. Nf3 Bc7 13. Qe2 Qd6 14. h3 b5
15. a3 a5 16. Bd2 a4 17. Rad1 Ne4 18. Rf1 f5 19. Bc1 g5 20. g3 Qd8 21. Kg2 Ra6
22. Nh2 Rg6 23. Rg1 Re8 24. Nf1 Be6 25. f3 Nf6 26. e4 fxe4 27. fxe4 Qa8 28. Kh2
dxe4 29. Ne3 Qc8 30. Qg2 Rh6 31. Rh1 Bxh3 32. Qf2 Bg4+ 33. Kg1 Rxh1+ 34. Kxh1
Bxd1 35. Bxd1 Qh3+ 36. Qh2 Qxg3 37. Qxg3 Bxg3 38. Nf5 Rd8 39. Be2 Bf4 40. Be3
Bxe3 41. Nxe3 Rd2 42. Bxc4+ bxc4 43. Nxc4 Rd1+ 44. Kg2 Kf7 45. Kf2 Ke6 46. Ke2
Rd3 47. Nb6 h5 48. Nxa4 Kd5 49. b3 Kc6 50. b4 Kb5 51. Nc5 Rxc3 0-1

[Event "Mechanics' Summer TNM; 30/90, SD/30"]
[Site "San Francisco"]
[Date "2009.07.14"]
[Round "8.28"]
[White "Mar, Henry"]
[Black "Hilliard, Michael"]
[Result "1-0"]
[WhiteElo "1500"]
[BlackElo "1400"]
[PlyCount "61"]
[EventDate "2009.??.??"]

1. e4 c6 2. d4 d5 3. e5 Bf5 4. Bd3 Bxd3 5. Qxd3 e6 6. Nf3 c5 7. Nc3 Nc6 8. dxc5
Bxc5 9. O-O Qb6 10. Na4 Qb4 11. Nxc5 Qxc5 12. c3 Nge7 13. Be3 Qa5 14. b4 Qc7
15. Bf4 Ng6 16. Qe3 O-O 17. b5 Nce7 18. Bg3 Nf5 19. Qe1 Rac8 20. Rc1 Qc4 21.
Nd4 Nxd4 22. cxd4 Qxd4 23. Rd1 Qa4 24. Qe2 Rc2 25. Rd2 Rfc8 26. h3 Rxd2 27.
Qxd2 Qxb5 28. f4 Qc4 29. f5 Nf8 30. f6 g6 31. Qh6 1-0

[Event "Mechanics' Fall TNM; 30/90, SD/30"]
[Site "San Francisco"]
[Date "2009.12.08"]
[Round "8.28"]
[White "Mar, Henry"]
[Black "Krawczyk, Steven"]
[Result "1-0"]
[WhiteElo "1500"]
[BlackElo "981"]
[PlyCount "64"]
[EventDate "2009.??.??"]

1. e4 c5 2. Nf3 Nf6 3. Nc3 Nc6 4. d4 d6 5. d5 Ne5 6. Nxe5 dxe5 7. Bc4 Qd6 8.
O-O a6 9. f4 b5 10. fxe5 Qxe5 11. Be2 Bb7 12. Kh1 Rd8 13. Bf4 Qd4 14. Qe1 c4
15. Rd1 Qc5 16. Bf3 g6 17. a3 Bg7 18. Be3 Qc7 19. Qf2 Rd7 20. Bc5 h5 21. Bxe7
Qe5 22. Bc5 Ng4 23. Qg1 Rc7 24. Bd4 Qg5 25. Bxg7 Rh7 26. Bd4 Bc8 27. h3 Bd7 28.
Rde1 a5 29. Be3 Qe5 30. Bd4 Qf4 31. e5 Bf5 32. Ne4 Ke7 1-0

[Event "Mechanics' Spring TNM; 30/90, SD/30"]
[Site "San Francisco"]
[Date "2009.04.21"]
[Round "6.24"]
[White "Mar, Henry"]
[Black "Ochoa, Jason"]
[Result "0-1"]
[WhiteElo "1500"]
[BlackElo "1905"]
[PlyCount "78"]
[EventDate "2009.??.??"]

1. e4 c5 2. Nf3 d6 3. d4 cxd4 4. Nxd4 Nf6 5. Nc3 g6 6. f3 Bg7 7. Bc4 O-O 8. Be3
Nc6 9. Qd2 Bd7 10. O-O-O b5 11. Bxb5 Nxd4 12. Bxd4 Bxb5 13. Nxb5 Qd7 14. Nc3
Rab8 15. g4 Qb7 16. b3 Rfd8 17. g5 Nd7 18. Bxg7 Kxg7 19. Nd5 Nc5 20. Qc3+ Kg8
21. Qd4 a5 22. Nc3 a4 23. Nxa4 Nxa4 24. Qxa4 Ra8 25. Qxa8 Rxa8 26. Kb2 Qb4 27.
Ra1 Qd4+ 28. Kb1 Qc3 29. a4 Rc8 30. Ra2 Qxf3 31. Re1 Qf2 32. Rc1 Qd4 33. a5
Qxe4 34. a6 Ra8 35. Kb2 Qe5+ 36. Kb1 Qxg5 37. a7 Qc5 38. Kb2 Rxa7 39. Rxa7 Qxa7
0-1

[Event "Mechanics' Winter TNM; 30/90, SD/30"]
[Site "San Francisco"]
[Date "2009.01.27"]
[Round "4.25"]
[White "Mar, Henry"]
[Black "Piccinini, Guido"]
[Result "1-0"]
[WhiteElo "1500"]
[BlackElo "1349"]
[PlyCount "21"]
[EventDate "2009.??.??"]

1. e4 e5 2. Bc4 Nc6 3. Nf3 h6 4. O-O Bc5 5. c3 d6 6. b4 Bb6 7. b5 Nce7 8. Qb3
Bg4 9. Bxf7+ Kf8 10. Nh4 Nc8 11. Ng6# 1-0

[Event "Mechanics' Summer TNM; 30/90, SD/30"]
[Site "San Francisco"]
[Date "2009.06.02"]
[Round "2.17"]
[White "Mar, Henry"]
[Black "Riese, Kayven"]
[Result "0-1"]
[WhiteElo "1500"]
[BlackElo "1934"]
[PlyCount "108"]
[EventDate "2009.??.??"]

1. e4 c5 2. Nf3 d6 3. d4 cxd4 4. Nxd4 Nf6 5. Nc3 Nbd7 6. Be3 a6 7. Bc4 e6 8.
O-O Qc7 9. Bb3 Nc5 10. f3 Be7 11. Bg5 Bd7 12. Qd2 O-O 13. Rac1 Rac8 14. Kh1
Rfd8 15. Bh4 Nfxe4 16. fxe4 Bxh4 17. Nf3 Bf6 18. Ng5 h6 19. Nf3 Bxc3 20. Qxc3
Nxe4 21. Qxc7 Rxc7 22. c3 Nc5 23. Bc2 e5 24. Rcd1 Rc6 25. Rd2 f6 26. Rfd1 Be6
27. a3 b5 28. h3 Kf7 29. Rf2 Ke7 30. Nh4 d5 31. Nf5+ Bxf5 32. Bxf5 Ne6 33. Rfd2
Rcd6 34. g3 d4 35. Bxe6 Kxe6 36. cxd4 Rxd4 37. Rxd4 exd4 38. Kg2 Kd5 39. Kf2
Rc8 40. Rd2 g5 41. Kf3 f5 42. Re2 Rc6 43. Rd2 Rf6 44. b3 f4 45. Rd3 fxg3+ 46.
Kxg3 Ke4 47. Rd1 d3 48. Kg2 Ke3 49. Re1+ Kd2 50. Re5 Kd1 51. Rc5 d2 52. b4 Rf4
53. Rc6 Ke2 54. Re6+ Kd3 0-1

[Event "Mechanics' Wilkerson Mem TNM; 30/90, SD"]
[Site "San Francisco"]
[Date "2009.09.15"]
[Round "7.18"]
[White "Mar, Henry"]
[Black "Rosenstein, Perry"]
[Result "1-0"]
[WhiteElo "1500"]
[BlackElo "1334"]
[PlyCount "89"]
[EventDate "2009.??.??"]

1. e4 c6 2. d4 d5 3. exd5 cxd5 4. Nf3 Nf6 5. Bd3 Bg4 6. h3 Bh5 7. O-O Nc6 8. c3
e6 9. Bg5 Be7 10. Nbd2 h6 11. Bxf6 Bxf6 12. g4 Bg6 13. Bxg6 fxg6 14. Qc2 Kf7
15. Rae1 h5 16. Ne5+ Bxe5 17. dxe5 hxg4 18. Kg2 Qg5 19. Rg1 Nxe5 20. f4 gxf3+
21. Kf2 Qh4+ 22. Rg3 Rh5 23. Rxe5 Rxe5 24. Qxg6+ Ke7 25. Qxg7+ Kd6 26. Qxe5+
Kxe5 27. Nxf3+ Ke4 28. Nxh4 Rf8+ 29. Rf3 Rxf3+ 30. Nxf3 Kf4 31. Nd4 e5 32. Ne2+
Kg5 33. Kg3 b5 34. a3 Kh5 35. b3 a5 36. b4 axb4 37. axb4 Kg5 38. h4+ Kf5 39.
Kf3 Kf6 40. Kg4 Kg6 41. h5+ Kf6 42. Ng3 d4 43. Ne4+ Kg7 44. cxd4 exd4 45. Nd6
1-0

[Event "Mechanics' Spring TNM; 30/90, SD/30"]
[Site "San Francisco"]
[Date "2009.04.07"]
[Round "4.21"]
[White "Mar, Henry"]
[Black "Royzen, Igor"]
[Result "0-1"]
[WhiteElo "1500"]
[BlackElo "1722"]
[PlyCount "84"]
[EventDate "2009.??.??"]

1. e4 c6 2. d4 d5 3. e5 c5 4. c3 Nc6 5. Nf3 Bg4 6. Be2 e6 7. Bg5 Qb6 8. Bc1
Bxf3 9. Bxf3 cxd4 10. O-O Nxe5 11. Nd2 dxc3 12. bxc3 Nxf3+ 13. Nxf3 Nf6 14. Be3
Qc7 15. Bd4 Be7 16. Qa4+ Qc6 17. Qxc6+ bxc6 18. Ne5 c5 19. Be3 O-O 20. f3 Bd6
21. Nd3 c4 22. Nc1 Rfb8 23. Ne2 Rb2 24. Rfe1 a6 25. Bc1 Rb7 26. Bg5 Nd7 27.
Reb1 Rab8 28. Rxb7 Rxb7 29. Kf1 Nc5 30. Nd4 Nd3 31. g3 Rb2 32. Ne2 f6 33. Be3
Bc5 34. Bxc5 Nxc5 35. h3 e5 36. Rd1 Nd3 37. Ra1 Kf7 38. f4 Ke6 39. h4 Kf5 40.
fxe5 fxe5 41. a4 Ke4 42. g4 Kf3 0-1

[Event "Mechanics' Wilkerson Mem TNM; 30/90, SD"]
[Site "San Francisco"]
[Date "2009.09.01"]
[Round "5.17"]
[White "Mar, Henry"]
[Black "Standen, Julian"]
[Result "0-1"]
[WhiteElo "1500"]
[BlackElo "1752"]
[PlyCount "106"]
[EventDate "2009.??.??"]

1. e4 c6 2. d4 d5 3. Nc3 dxe4 4. Nxe4 Nd7 5. Nf3 Ngf6 6. Bd3 Nxe4 7. Bxe4 Nf6
8. Bd3 Bg4 9. c3 e6 10. O-O Be7 11. Re1 O-O 12. h3 Bh5 13. Be2 c5 14. Bg5 cxd4
15. Nxd4 Bxe2 16. Qxe2 Re8 17. Rad1 Qa5 18. Bxf6 Bxf6 19. b4 Qb6 20. a3 Red8
21. Qg4 Rd5 22. h4 Rad8 23. Re4 h6 24. Rde1 Bxd4 25. cxd4 Rxd4 26. Qf4 Qd6 27.
Rxd4 Qxd4 28. Qc7 Rd7 29. Qc8+ Kh7 30. Qc2+ Qd3 31. Qa4 a6 32. Qa5 Rd4 33. g3
Qc3 34. Re3 Rd1+ 35. Kg2 Qc4 36. Qe5 Qf1+ 37. Kf3 Rd5 38. Re1 Qh3 39. Qe4+ Rf5+
40. Ke2 g6 41. Rh1 Re5 42. Rxh3 Rxe4+ 43. Kd3 Re1 44. g4 Ra1 45. Kc4 Ra2 46.
Rf3 Kg7 47. Kb3 Re2 48. h5 g5 49. Ka4 Re4 50. Rg3 Re5 51. Re3 Rxe3 52. fxe3 f5
53. gxf5 exf5 0-1

[Event "Mechanics' Fall TNM; 30/90, SD/30"]
[Site "San Francisco"]
[Date "2009.10.27"]
[Round "2.23"]
[White "Mar, Henry"]
[Black "Standen, Julian"]
[Result "0-1"]
[WhiteElo "1500"]
[BlackElo "1716"]
[PlyCount "38"]
[EventDate "2009.??.??"]

1. e4 c6 2. d4 d5 3. Nd2 dxe4 4. Nxe4 Nd7 5. Nf3 Ngf6 6. Nxf6+ Nxf6 7. h3 Bf5
8. Bd3 Bxd3 9. Qxd3 e6 10. Bg5 Be7 11. O-O O-O 12. Rad1 Qb6 13. b3 Rad8 14. Qe2
h6 15. Ne5 hxg5 16. Rd3 Rxd4 17. Rxd4 Qxd4 18. g3 Rd8 19. Re1 Rd5 {
remainder illegible} 0-1